000 00479nam a2200205Ia 4500
005 20240823053933.0
008 240823s9999||||xx |||||||||||||| ||und||
020 _a978-81-7596-790-8
041 _aENGLISH
082 _A811.54 Q0
100 _aMohammad Aslam
245 0 _aExperience and Emotion
250 _a1st
260 _c2010
_bFoundation Books PV
500 _aTRANSFERED
650 _aGeneral
_bGeneral
700 _a tak A H
942 _cBK
999 _c225294
_d225294